000 00818nam a2200265Ia 4500
003 OSt
005 20220928122025.0
006 a|||||r|||| 00| 0
007 ta
008 220927b |||||||| |||| 00| 0 eng d
020 _c3214.9899999999998
024 _a126236
037 _b278A, 13/02/2015, Classic Book Service
_cTextual
040 _aSDCL
_cSDCL
_beng
041 _2eng
_aeng
082 _aD6,8(B289J), Q4
100 _aStreib James T
_9455481
245 0 _aGuide to java
_b A concise introduction to programming
260 _aLondon
_bSpringer
_c2014
300 _axiii;358p.
_ccm.
650 _aI I C
700 _a Soma Takako
_9455482
942 _hD6,8(B289J), Q4
_cTEXL
_2CC
999 _c769133
_d769133